MEASUREMENT OF JOINT MOTION A GUIDE TO GONIOMETRY (Record no. 8180)

MARC details
000 -LEADER
fixed length control field 00468nam a22001817a 4500
005 - DATE AND TIME OF LATEST TRANSACTION
control field 20230111115009.0
008 - FIXED-LENGTH DATA ELEMENTS--GENERAL INFORMATION
fixed length control field 221221b |||||||| |||| 00| 0 eng d
020 ## - INTERNATIONAL STANDARD BOOK NUMBER
ISBN 978-935270090-5
041 ## - LANGUAGE CODE
Language code of text/sound track or separate title eng
082 ## - DEWEY DECIMAL CLASSIFICATION NUMBER
Classification number 612.7 NOR-M
100 ## - MAIN ENTRY--AUTHOR NAME
Personal name NORKIN ,CYNTHIA C., WHITE , D JOYCE
245 ## - TITLE STATEMENT
Title MEASUREMENT OF JOINT MOTION A GUIDE TO GONIOMETRY
250 ## - EDITION STATEMENT
Edition statement 5th ed.
260 ## - PUBLICATION, DISTRIBUTION, ETC. (IMPRINT)
Name of publisher JAYPEE BROTHERS
300 ## - PHYSICAL DESCRIPTION
Number of Pages 517;P.
650 ## - SUBJECT ADDED ENTRY--TOPICAL TERM
Topical Term BPT
942 ## - ADDED ENTRY ELEMENTS (KOHA)
Koha item type Books
Holdings
Lost status Damaged status Collection code Home library Current library Shelving location Date acquired Source of acquisition Cost, normal purchase price Full call number Accession Number Koha item type
    Reference JRU Library JRU Library SHELF- 8 - C 19/11/2022 LOHIA BOOK INTERNATIONAL 1895.00 612.7-NOR-M 27264 Books
    PHYSIOTHERAPY JRU Library JRU Library SHELF-20-C 19/11/2022 LOHIA BOOK INTERNATIONAL 1895.00 612.7-NOR-M 27265 Books